Návrh zastrešenia letištnej haly

Gespeichert in:
Bibliographische Detailangaben
1. Verfasser: Nagy, Ladislav (Verfasst von)
Weitere Verfasser: Tvrdá, Katarína (Betreuung Doktorarbeit)
Format: Manuskript Buch
Sprache:Slowakisch
Veröffentlicht: 2021
Schlagworte:
Online-Zugang:http://is.stuba.sk/zp/portal_zp.pl?podrobnosti=166261
https://opac.crzp.sk/?fn=detailBiblioForm&sid=C5B0443D08DFEDB239080149A386
Tags: Tag hinzufügen
Keine Tags, Fügen Sie das erste Tag hinzu!

MARC

LEADER 00000ntm a22000003a 4500
001 stuzp83761
003 SK-STU
005 20230515103312.4
007 ta
008 150427s2015----xo-----f-mn---000-0-slo-d
040 |a STU  |b slo 
041 0 |a slo 
100 1 |a Nagy, Ladislav  |u 010250  |4 aut  |U SvF Stavebná fakulta  |T SvF Katedra stavebnej mechaniky  |X 81087  |U V250  |Y 26  |7 81087 
242 0 1 |a Design of the roof of the airport hall  |y eng 
245 1 0 |a Návrh zastrešenia letištnej haly 
260 |c 2021 
650 4 |a oceľová konštrukcia  |2 slo 
650 4 |a priestorové priehradové konštrukcie  |2 slo 
650 4 |a zastrešenie  |2 slo 
650 4 |a porovnanie variantov  |2 slo 
650 4 |a statický posudok  |2 slo 
650 4 |a spoje  |2 slo 
650 4 |a roofing  |2 eng 
650 4 |a steel structure  |2 eng 
650 4 |a spatial truss structures  |2 eng 
650 4 |a static assesments  |2 eng 
650 4 |a comparison of variants  |2 eng 
700 1 |a Tvrdá, Katarína  |u 010250  |k Z1  |4 ths  |U SvF Stavebná fakulta  |T SvF Katedra stavebnej mechaniky  |X 662  |U V250  |Y 26  |7 A000000662 
856 4 |u http://is.stuba.sk/zp/portal_zp.pl?podrobnosti=166261 
856 4 |u https://opac.crzp.sk/?fn=detailBiblioForm&sid=C5B0443D08DFEDB239080149A386